00370nam a2200109Ia 4500008004100000020002200041100002300063245005300086260006000139300004600199650001500245200902s9999 xx 000 0 und d a978-971-95338-0-1 aAriola, Mariano M. cMariano M. Ariola.--aGeneral psychology today / aManila :bPurely books trading & publishing corp.c2012 aix , 252 pages :billustrations ;c25 cm. aPsychology